Contemporary Developments and Perspectives in International Health Security : Volume 2.

Bibliographic Details
Main Author: Stawicki, Stanislaw P.
Other Authors: Papadimos, Thomas J., Galwankar, Sagar C., Miller, Andrew C., Firstenberg, Michael S.
Format: eBook
Language:English
Published: London : IntechOpen, 2021.
Edition:1st ed.
Subjects:
Online Access:Click to View
LEADER 01548nam a22003733i 4500
001 EBC30390290
003 MiAaPQ
005 20231204023229.0
006 m o d |
007 cr cnu||||||||
008 231204s2021 xx o ||||0 eng d
020 |a 9781839621543  |q (electronic bk.) 
035 |a (MiAaPQ)EBC30390290 
035 |a (Au-PeEL)EBL30390290 
040 |a MiAaPQ  |b eng  |e rda  |e pn  |c MiAaPQ  |d MiAaPQ 
100 1 |a Stawicki, Stanislaw P. 
245 1 0 |a Contemporary Developments and Perspectives in International Health Security :  |b Volume 2. 
250 |a 1st ed. 
264 1 |a London :  |b IntechOpen,  |c 2021. 
264 4 |c Ã2021. 
300 |a 1 online resource (212 pages) 
336 |a text  |b txt  |2 rdacontent 
337 |a computer  |b c  |2 rdamedia 
338 |a online resource  |b cr  |2 rdacarrier 
588 |a Description based on publisher supplied metadata and other sources. 
590 |a Electronic reproduction. Ann Arbor, Michigan : ProQuest Ebook Central, 2023. Available via World Wide Web. Access may be limited to ProQuest Ebook Central affiliated libraries.  
655 4 |a Electronic books. 
700 1 |a Papadimos, Thomas J. 
700 1 |a Galwankar, Sagar C. 
700 1 |a Miller, Andrew C. 
700 1 |a Firstenberg, Michael S. 
776 0 8 |i Print version:  |a Stawicki, Stanislaw P.  |t Contemporary Developments and Perspectives in International Health Security  |d London : IntechOpen,c2021 
797 2 |a ProQuest (Firm) 
856 4 0 |u https://ebookcentral.proquest.com/lib/matrademy/detail.action?docID=30390290  |z Click to View